MESTSKÁ KNIŽNICA GIRALTOVCE  - online katalóg 

Zlatá kniha Matice slovenskej (Record no. 23267)

000 -NÁVESTIE
fixed length control field 01087nam a22003493a 4500
001 - EVIDENČNÉ ČÍSLO ZÁZNAMU - Kontrolné číslo
control field vtls000397884
005 - DÁTUM A ČAS POSLEDNEJ TRANSAKCIE
control field 20220708132714.0
008 - ÚDAJE S PEVNOU DĹŽKOU – VŠEOBECNÉ INFORMÁCIE
fixed length control field 080912s2008 xo o g nd 000 0 slo d
020 ## - MEDZINÁRODNÉ ŠTANDARDNÉ ČÍSLO KNIHY (ISBN)
Medzinárodné štandardné číslo knihy (ISBN) 9788070908754 (viaz.)
035 ## - Iný štandardný identifikátor
Iný štandardný identifikátor a000397884
040 ## - ZDROJ KATALOGIZÁCIE
Pôvodná katalogizujúca agentúra UKB
Jazyk katalogizácie slo
Prepisujúca agentúra UKB
Konvencie popisu AACR2
041 0# - KÓD JAZYKA
Kód jazyka textu/zvukovej stopy alebo samostatných nápisov slo
044 ## - KÓD KRAJINY VYDAVATEĽA/PRODUCENTA
Kód krajiny MARC xo
Kód krajiny ISO SK
072 #7 - KÓD PREDMETOVEJ KATEGÓRIE
Kód predmetovej kategórie 061.2
Pododdiel kódu predmetovej kategórie Mimovládne organizácie a kooperácia
Zdroj konspekt
080 ## - ČÍSLO MEDZINÁRODNÉHO DESATINNÉHO TRIEDENIA (MDT)
Číslo Medzinárodného desatinného triedenia (MDT) 061.2
Identifikátor vydania 2004
080 ## - ČÍSLO MEDZINÁRODNÉHO DESATINNÉHO TRIEDENIA (MDT)
Číslo Medzinárodného desatinného triedenia (MDT) 316.7
Identifikátor vydania 2004
080 ## - ČÍSLO MEDZINÁRODNÉHO DESATINNÉHO TRIEDENIA (MDT)
Číslo Medzinárodného desatinného triedenia (MDT) (437.6)
Identifikátor vydania 2004
080 ## - ČÍSLO MEDZINÁRODNÉHO DESATINNÉHO TRIEDENIA (MDT)
Číslo Medzinárodného desatinného triedenia (MDT) (082.2)
Identifikátor vydania 2004
100 1# - OSOBNÉ MENÁ – VŠEOBECNÉ INFORMÁCIE
Osobné meno Eliáš, Michal,
Dátumy súvisiace s menom 1934-
-- 3176
245 10 - NÁZOV
Názov Zlatá kniha Matice slovenskej
Údaj o zodpovednosti atď. Michal Eliáš, Štefan Haviar
260 ## - VYDAVATEĽSKÉ ÚDAJE, DISTRIBÚCIA ATĎ.
Miesto publikovania, distribúcie atď. Martin
Názov vydavateľa, distibútora atď. Matica slovenská
Dátum publikovania, distribúcie atď. 2008
300 ## - FYZICKÝ POPIS
Rozsah 105 s.
Ďalšie fyzické detaily fot.
500 ## - VŠEOBECNÁ POZNÁMKA
Formátovaná poznámka o obsahu Vyd. v spolupr.s Neografiou, a.s. Martin
610 27 - PRIDANÝ VSTUP – PREDMET – KORPORATÍVNE MENO
Korporatívne meno alebo meno jurisdikcie ako vstupný prvok Matica slovenská (Martin, Slovensko)
Zdroj hesla alebo termínu UKBPH
-- 3177
650 07 - PRIDANÝ VSTUP – PREDMET – TEMATICKÉ HESLO
Tematické heslo alebo geografický názov ako vstupný prvok kultúrne inštitúcie a organizácie
Geografický pododdiel Slovensko
Zdroj hesla alebo termínu UKBPH
-- 3178
653 ## - INDEXAČNÝ TERMÍN – VOĽNÉ INDEXOVANIE
Neriadený termín 061.2
653 ## - INDEXAČNÝ TERMÍN – VOĽNÉ INDEXOVANIE
Neriadený termín 316.7
653 ## - INDEXAČNÝ TERMÍN – VOĽNÉ INDEXOVANIE
Neriadený termín (437.6)
653 ## - INDEXAČNÝ TERMÍN – VOĽNÉ INDEXOVANIE
Neriadený termín (082.2)
655 #7 - INDEXAČNÝ TERMÍN – ŽÁNER/FORMA
Údaje o žánri/forme alebo termín, ktorý je prvok fazety jubilejné publikácie
Zdroj termínu UKBPH
-- 2323
700 1# - PRIDANÝ VSTUP – OSOBNÉ MENO
Osobné meno Haviar, Štefan
Kód roly aut
-- 3179
Holdings
Stav stiahnutia (Blokovanie) (Withrawn status) Stav straty Zdroj klasifikácie pre skladovanie Stav poškodenia (Damaged status) Nie pre výpožičky (Not for loan) Spôsob nadobudnutia (Collection code) Trvalé umiestnenie Aktuálne umiestnenie Dátum nadobudnutia Inventárne číslo (prírastkové číslo) Celkom výpožičky Full call number Čiarový kód Dátum posledného výskytu Dátum poslednej výpôžičky Cena s účinnosťou od Typ jednotky Koha
          Dar Mestská knižnica Giraltovce Mestská knižnica Giraltovce 2022-07-08 21600 1 S1525 S1525 2023-03-24 2023-03-15 2022-07-08 Odborná literatúra pre dospelých

Powered by Koha